Attentats du 11 septembre 2001 - Statistiques

Statistiques générales
  • Ce quiz a été pris 934 fois
    873 depuis la dernière actualisation
  • Le résultat moyen est 8 sur 17
Statistiques - réponses
Question Réponse % Correct
Combien d'attentats il y a t-il eu le 11 septembre 2001 ? 4 attentats
98%
Vrai ou faux ? Les attentats du 11 septembre 2001 sont les attentats les plus meurtriers jamais perpétrés. Vrai
83%
Et qui en ai le chef ? Oussama ben Laden
82%
Quelle âge avait l'enfant le plus jeune qui malheureusement ne survivra pas aux attentats ? 2 ans
67%
Compléter la phrase suivante : Le troisième avion a été détourné pour se diriger vers le .......... ? Pentagone
67%
Approxime le nombre de morts en mille près. 3000
66%
Quel est l'organisation derrière tout ça ? Al-Qaïda
66%
Combien il y avait de terroristes infiltrés dans les avions pour détourner ces machines ? 19
60%
Dans quel complexe les tours jumelles appartiennent ? World Trade Center (WTC)
56%
Qui a dit : "Ces actes meurtriers à grande échelle étaient destinés à effrayer notre nation en la plongeant dans le chaos et le repli… mais ils ont échoué." George W. Bush, 43e président des États-Unis d'Amérique
48%
Compléter la phrase suivante : Les avions ce sont posés à New York, à Washington D.C. ainsi qu'en ............ ? Pennsylvanie
46%
Combien y avait-il de victimes de nationalité française ? 4 victimes
45%
Le cratère du 4eme avion était de combien de mètres ? 3 mètres
41%
Combien d'immeubles ont été endommagé par les attentats des tours jumelles ? 48 immeubles
14%
Combien de policiers sont décédés de maladies officiellement liées aux conséquences du 11 Septembre ? 42 policiers
6%
Quelle église s'est totalement effondrer après les attentats des tours jumelles ? L'église orthodoxe Saint-Nicolas
2%
Comment s'appelle l'installation de 88 projecteurs se rappelant les tours jumelles ? Le Tribute in Light
1%
Aucun quiz correspondant
Distribution des résultats
% des personnes avec chaque résultat
Percentile par nombre de réponses
Votre historique - résultats
Vous n’avez pas pris ce quiz depuis la dernière actualisation